Els Arxius parroquials, municipals i notarials de la Garrotxa : una aproximació / Antoni Mayans i Plujà una aproximació / Antoni Mayans i Plujà
Publicado:
Barcelona :
Generalitat de Catalunya, Servei d'Arxius ; Girona : Diputació de Girona, Servei d'Estudis, Documentació i Informació ; Olot : Ajuntament ,
1987
Descripción Física:
318 p. ; 22 cm
Colección:
Col·lecció Francesc Monsalvatge ; 1
Materias:
Arxius -- Garrotxa
MARC
| LEADER | 00000nam a2200000Ia 4500 | ||
|---|---|---|---|
| 001 | 4968 | ||
| 003 | BGR | ||
| 005 | 20260324175334.0 | ||
| 008 | 160829s1987 xx 000 0 cat d | ||
| 080 | |a A-1-335 | ||
| 100 | |a Mayans i Plujà, Antoni |9 27858 | ||
| 245 | |a Els Arxius parroquials, municipals i notarials de la Garrotxa : |b una aproximació / Antoni Mayans i Plujà | ||
| 260 | |a Barcelona : |b Generalitat de Catalunya, Servei d'Arxius ; Girona : |b Diputació de Girona, Servei d'Estudis, Documentació i Informació ; Olot : |b Ajuntament, |c 1987 | ||
| 300 | |a 318 p. ; |c 22 cm | ||
| 490 | |a Col·lecció Francesc Monsalvatge ; 1 | ||
| 650 | |a Arxius |x Garrotxa |9 27859 | ||
| 710 | 1 | |a Catalunya. |b Servei d'Arxius |9 2924 | |
| 710 | 1 | |a Girona (Catalunya : Província). |b Diputació |b Servei d'Estudis, Documentació i Informació |9 11479 | |
| 710 | 1 | |a Olot (Catalunya). |b Ajuntament |9 55477 | |
| 901 | |a Arxiu | ||
| 942 | |n 1 |2 udc |c MON | ||
| 952 | |0 0 |1 0 |4 0 |6 A1335 |7 1 |9 44572 |a Arxiu |b Arxiu |d 2016-12-01 |l 0 |o A-1-335 |p 4968 |r 2016-12-01 00:00:00 |w 2016-12-01 |y ARXIU | ||
| 999 | |c 47153 |d 47153 | ||